1802 1123 1726 1694 1252 1246 1352 1367 1603 1762 1640 1892 1148 1788 1271 1654 1748 1574 1499 1758 1173 1587 1050 1654 1426 1238 1320 1947 1248 1238 1834 1593 1670 1054 1434 1919 1817 1133 1459 1520 1203 1952 1888 1993 1633 1655 1123 1047 1415 1962 1916 1458 1385 1600 1379 1730 1877 1105 1580 1900 1329 1680 1804 1246 1830 1068 1088 1478 1117 1318 1197 1077 1730 1838 1281 1522 1292 1063 1929 1314 1517 1505 1909 1079 1061 1522 1445 1331 1783 1484 1907 1675 1207 1294 1048 1896 1992 1171 1384 BCNSPRNW ULIB Ver.6.0+V

เปลี่ยนเป็นภาษาไทย

Change to English
 แสดงรายละเอียดบรรณานุกรม
  กลับหน้าหลัก

Brief Record : Get Marc (ISO 2709) : E-mail record : QR code < ปิดหน้าต่าง
LEADER : 00000nam 2200000uu 4500
001    13399112191
003     ULIB
008    110729s2543||||th 000 0 tha d
020    9748599825
050 04 HD38.2^bซ712ก 2543
130 0  สามก๊ก
245 10 กลยุทธ์สามก๊ก :^bสรุปบทเรียนความพ่ายแพ้ พลิกฟื้นสู่ชัยชนะ /^c[เซี่ยซูจัง,เรียบเรียง] ; ทองแถม นาถจำนง: แปล
250    พิมพ์ครั้งที่ 13
260    กรุงเทพฯ :^bชุมศิลป์ธรรมดา,^c2543
300    326 หน้า :^bภาพประกอบ ;^c21 ซม
500    พิมพ์ครั้งที่ 1-13 ใช้ชื่อเรื่อง: กลยุทธ์สามก๊ก : คัมภีร์บริหารในภาวะสงคราม
505 2  จุดมุ่งหมาย -- การวางแผน -- การกำหนดนโยบาย -- การจัดองค์กร --การบริหารงานบุคคล -- การนำหรือการอำนวยการ -- การประสานงาน -- การตรวจสอบหรือการควบคุม -- วัตถุปัจจัย -- กฎระเบียบ -- ขวัญกำลังใจ -- ข่าวสารหรือการสื่อสารข้อมูล -- การประชาสัมพันธ์ -- การบริหารสำนักงาน -- การปฏิรูป -- ผลงาน -- การศึกษาค้นคว้า -- วงการธุรกิจญี่ปุ่นสนใจค้นคว้า "สามก๊ก" / เหลียงตั้น -- นักบริหารญี่ปุ่นต้องอ่านวรรณคดีจีนโบราณสามเล่ม -- วัฒนธรรมธุรกิจจีน-ไทย :ยุทธศาสตร์, การจัดการ และสงคราม / Graig J. Reynolds
650  7 พิชัยสงคราม
650  7 ปรัชญาจีน
700 1  เซี่ย, ซูจัง
700 0  ทองแถม นาถจำนง
700 02 เรย์โนลด์, เกร็ก เจ.^tวัฒนธรรมธุรกิจจีน-ไทย : ยุทธศาสตร์, การจัดการและสงคราม
945    ^p250^l0^i013975
945    ^p250^l0^i013976
945    ^p250^l0^i013977
995    ทศพร
999 ^a ทศพร
รายการนี้ยังไม่มีแท็ก
คุณยังไม่ได้ล็อกอิน คุณสามารถมีกิจกรรมร่วมกับเว็บไซต์ได้ แต่ต้องล็อกอินก่อน ::
  ล็อกอิน

รายการสื่อสารสนเทศ

ลำดับที่ ประเภท เลขเรียก/บาร์โค้ด สถานที่ สถานะ
- ไม่พบข้อมูล -

รายการใกล้เคียง
    หัวเรื่อง [พิชัยสงคราม]

BibComment


ยังไม่เคยถูกคอมเมนท์

คอมเมนท์ทรัพยากรรายการนี้
  คอมเมนท์: กลยุทธ์สามก๊ก สร..


 Copyright 2026. Bcnsprnw @Library